-
OJHA, DR. ABHIJEET AND MEHTA, MRS. REKHA. CHANDRA, MR. NAVIN AND PANT, DR. BHAVNA
Entry Personal Name
Number of records used in: 1
001 - CONTROL NUMBER
003 - CONTROL NUMBER IDENTIFIER
005 - DATE AND TIME OF LATEST TRANSACTION
- control field:
20251124131038.0
008 - FIXED-LENGTH DATA ELEMENTS
- fixed length control field:
251124|| aca||aabn | a|a d
040 ## - CATALOGING SOURCE
- Original cataloging agency:
JRU
- Transcribing agency:
JRU
100 ## - HEADING--PERSONAL NAME
- Personal name:
OJHA, DR. ABHIJEET AND MEHTA, MRS. REKHA. CHANDRA, MR. NAVIN AND PANT, DR. BHAVNA
670 ## - SOURCE DATA FOUND
- Source citation:
Work cat.: (JRU)8976: OJHA, DR. ABHIJEET AND MEHTA, MRS. REKHA. CHANDRA, MR. NAVIN AND PANT, DR. BHAVNA, PHARMACEUTICS PRACTICALS [ AS PER PCI REGULATIONS] B. PHARMACY STUDENTS. 1ST YAER , 2025